Conserving Land, Protecting Water (Record no. 14207)
[ view plain ]
| 000 -LEADER | |
|---|---|
| fixed length control field | 00390nam a22001457a 4500 |
| 020 ## - INTERNATIONAL STANDARD BOOK NUMBER | |
| ISBN | 9781845933876 |
| 082 ## - DEWEY DECIMAL CLASSIFICATION NUMBER | |
| Classification number | 631.45 |
| Item number | BOS/CO |
| 100 ## - MAIN ENTRY--AUTHOR NAME | |
| Personal name | Bossio Deborah |
| -- | Geheb Kim |
| 245 ## - TITLE STATEMENT | |
| Title | Conserving Land, Protecting Water |
| 250 ## - EDITION STATEMENT | |
| Edition statement | 6 |
| 260 ## - PUBLICATION, DISTRIBUTION, ETC. (IMPRINT) | |
| Place of publication | London |
| Name of publisher | Cabi |
| Year of publication | 2008 |
| 300 ## - PHYSICAL DESCRIPTION | |
| Number of Pages | 235 |
| 490 ## - SERIES STATEMENT | |
| Series statement | Comprehensive Assessment Water Management in Agriculture Series - 6 |
| 942 ## - ADDED ENTRY ELEMENTS (KOHA) | |
| Koha item type | Reference |
| Withdrawn status | Lost status | Damaged status | Collection code | Home library | Current library | Shelving location | Date acquired | Source of acquisition | Cost, normal purchase price | Full call number | Accession Number | Koha item type |
|---|---|---|---|---|---|---|---|---|---|---|---|---|
| Reference | KAUAET | KAUAET | Reference | 04/06/2016 | Dream Tech, Trivandrum | 9256.50 | 631.45 BOS/CO | 24428 | Reference |
